000 00459nam a2200157Ia 4500
005 20251020182602.0
008 200515s9999 xx 000 0 und d
082 _aSC/336.126/P45/V.5
110 _aDirección General de la República
245 0 _aCuenta General de la República 1979: Gobiernos Locales y Sociedades de Beneficencia Pública
260 _aLima
260 _c1979
650 _aBENEFICENCIA
650 _aPRESUPUESTO PUBLICO
942 _cLIB
999 _c3082
_d3082